|
|
|
|
| LEADER |
01048nam a2200265 a 4500 |
| 001 |
014675449 |
| 008 |
101219s2008 it a b 000 0 eng d |
| 999 |
|
|
|c 10281
|d 10281
|
| 020 |
|
|
|a 9788861306752 (pbk.)
|
| 020 |
|
|
|a 8861306756 (pbk.)
|
| 040 |
|
|
|a StDuBDS
|b eng
|c StDuBDS
|d Uk
|d BD-DhAAL
|
| 082 |
0 |
4 |
|a 759.056
|2 22
|
| 100 |
1 |
|
|a Gualdoni, Flaminio.
|9 32310
|
| 245 |
0 |
0 |
|a Post-impressionism /
|c Flaminio Gualdoni.
|
| 260 |
|
|
|a Milan :
|b Skira ;
|a London :
|b Thames & Hudson [distributor]
|c 2008.
|
| 300 |
|
|
|a 95 p. :
|b ill. (some col.) ;
|c 17 cm.
|
| 490 |
0 |
|
|a Skira mini ARTbook series
|
| 500 |
|
|
|a Formerly CIP.
|5 Uk
|
| 504 |
|
|
|a Includes bibliographical references.
|
| 526 |
|
|
|a ARC
|
| 541 |
1 |
|
|e 00021663
|
| 650 |
|
0 |
|a Post-impressionism (Art)
|z France.
|9 32311
|
| 852 |
1 |
|
|a Ayesha Abed library
|c General Shelf.
|
| 942 |
|
|
|2 ddc
|c BK
|
| 952 |
|
|
|0 0
|1 4
|2 ddc
|4 0
|6 759_056000000000000_GUA
|7 0
|9 13733
|a BRACUL
|b BRACUL
|c GEN
|d 2011-01-02
|e Zeenat Book Supply Ltd.
|g 648.00
|l 2
|m 9
|o 759.056 GUA
|p 3010021663
|r 2012-02-06
|s 2012-01-03
|t 1
|w 2011-01-02
|y BK
|x Koha Inventory 2020
|